000 01006cam a2200265 i 4500
001 zz2004951645
003 NUKAT
005 20260331081502.0
008 030604s1955 pl a |000 0 pol c
035 _a(OCoLC)749515925
035 _a(NUKAT)zz2004951645
040 _aGD U/1AA
_cGD U/1AA
_dGD U/1AA
_dGD PAN/JMSs
041 1 _apol
_hrus
100 1 _aLenin, Vladimir Ilʹič
_d(1870-1924).
_928927
245 1 0 _aDzieła.
_nT. 31
_pKwiecień - grudzień 1920 /
_cW. I. Lenin.
260 _aWarszawa :
_bKsiążka i Wiedza,
_c1955.
300 _aX, 594 s., [1] k. portr. :
_bfaks. ;
_c20 cm.
336 _aTekst
_btxt
_2rdacontent
337 _aBez urządzenia pośredniczącego
_bn
_2rdamedia
338 _aWolumin
_bnc
_2rdacarrier
500 _aPrzekł. z czwartego wyd. ros. przygotowanego przez Instytut Marksa-Engelsa-Lenina przy KC WKP(b).
650 7 _aMarksizm-leninizm
_vźródła.
_2kaba
_934629
651 7 _aZwiązek Radziecki
_xpolityka i rządy
_y1917-1928.
_2kaba
_939281
942 _2ddc
_cBK_NM
999 _c27374
_d27374